Monivalintavisa - Saksa - Statistics

Yleistilastot
  • Tätä visaa on pelattu 769 kertaa
  • Keskiarvotulos 10 / 15
Vastaustilastot
Kysymys Vastaus % Oikein
Mikä seuraavista autonvalmistajista ei ole saksalainen? Jaguar
95%
Millä seuraavista valtioista on samanlaisin lippu kuin Saksalla? Belgialla
93%
Mikä on currywurst? Sianmakkara curryketsupilla
91%
Mitä seuraavista kirjaimista ei käytetä saksan kielessä? ø
85%
Mitä kaupunkia pidetään Saksan finanssipääkaupunkina? Frankfurtia
83%
Mikä hansaliitto oli? Kauppakaupunkien organisaatio
82%
Mikä on Neuschwanstein? Linna
78%
Mikä on Bundestag? Saksan parlamentti
68%
Mikä seuraavista kaupungeista sijaitsi Itä-Saksassa? Leipzig
57%
Kuka seuraavista ei ole ollut Saksan kansleri? Uwe Boll
55%
Mistä Carl Friedrich Gauss on tunnettu? Matematiikasta
54%
Kuinka monta prosenttia Saksan väestöstä asui Itä-Saksassa vuonna 1989? 20
45%
Mitä saksankielinen sana "Zeitgeist" tarkoittaa? Ajan henkeä
45%
Mistä Carl von Clausewitz on tunnettu? Sotateoriasta
42%
Mikä seuraavista ei ole Saksassa kehitetty tai löydetty asia? Panssarivaunu
19%
Ehtoja vastaavia visoja ei löytynyt
Tulosjakauma
Jokaisen tuloksen saaneiden osuus
Persentiili vastausten määrän mukaan
Tuloshistoriasi
Et ole pelannut tätä visaa